000 00474nam a2200157 a 4500
001 000046348
005 20240228085405.0
008 150731s2015 dr a 000 0 spa d
020 _a9789945588293
040 _aDO-SdBNP
_bspa
_cBNPHU
082 _axxxxxxxxxx
_bxxxxxxxxxx
100 1 _aUreña de Henríquez, Salomé ,
_d1850-1897
_9920
245 1 3 _aEl ave y el nido /
_cSalomé Ureña.
260 _aSanto Domingo :
_bMuñequitos,
_c2015.
300 _a15 p. :
_bil., ;
_c14 cm.
999 _c45837
_d45837